| 000 | 00578nam a2200241Ia 4500 | ||
|---|---|---|---|
| 003 | OSt | ||
| 005 | 20240504045840.0 | ||
| 008 | 210329s9999||||xx |||||||||||||| ||und|| | ||
| 020 | _a8185392757 | ||
| 040 | _cSTCPL | ||
| 041 | _aENG | ||
| 082 |
_a070.43 _bMEL-B |
||
| 100 | _aMencher, Melvin | ||
| 245 | 0 |
_aBasic news writing / _cby Melvin Mencher |
|
| 250 | _a3rd ed. | ||
| 260 |
_aNew Delhi : _bUniversal Book Stall , _c1997 . |
||
| 300 |
_a488 p. _bPB |
||
| 650 | _aEnglish | ||
| 650 | _aJournalists in action | ||
| 650 | _aWriting | ||
| 942 | _cBK | ||
| 942 | _2ddc | ||
| 999 |
_c43146 _d43146 |
||